Detalles MARC
| 000 -LÍDER |
| Campo fijo de descripción fija |
017820000a22003370004500 |
| 001 - NÚMERO DE CONTROL |
| Campo de control |
19800 |
| 003 - IDENTIFICADOR DEL NÚMERO DE CONTROL |
| Campo de control |
CO-MdFUSB |
| 005 - FECHA Y HORA DE LA ULTIMA TRANSACCIÓN |
| control field |
20190202100403.0 |
| 008 - ELEMENTOS DE LONGITUD FIJA -- INFORMACIÓN GENERAL |
| Campo fijo de descripción fija -- Información general |
160802t2009 mx ||||f |||| 00| 0 spa d |
| 020 ## - NÚMERO INTERNACIONAL NORMALIZADO PARA LIBROS |
| Número Internacional Normalizado del libro |
968-12-1133-2 |
| 040 ## - FUENTE DE CATALOGACIÓN |
| Agencia de catalogación original |
CO-MdFUSB |
| Idioma de catalogación |
Español |
| Agencia que realiza la transcripción |
CO-MdFUSB |
| Agencia que realiza la modificación |
CO-MdFUSB |
| 041 ## - CÓDIGO DE IDIOMA |
| Código de idioma para texto/pista de sonido o título separado |
spa |
| 082 ## - NÚMERO DE CLASIFICACIÓN DECIMAL DEWEY |
| Número de la edición del Dewey |
24 |
| Número de clasificación |
G 303.484 |
| Clave de autor-Numero de item |
D814m |
| 245 10 - TÍTULO |
| Título del Material |
Modernidades coloniales |
| Parte restante del título - Subtitulo |
: Otros pasados, historias presentes |
| Mención de responsabilidad, etc. |
/ Saurabh Dube, Ishita Banerjee Dube & Walter D. Mignolo , coordinadores |
| 264 ## - PRODUCCIÓN, PUBLICACIÓN, DISTRIBUCIÓN, MANUFACTURA, Y COPYRIGHT |
| Lugar de producción, publicación, distribución, manufactura |
México |
| Nombre del productor, publicador, distribuidor |
: El colegio de México, |
| Fecha de producción, publicación, distribución, manufactura, o copyright |
2009 |
| 300 ## - DESCRIPCIÓN FÍSICA |
| Extensión |
306 páginas |
| Tamaño de la unidad |
21 cm |
| 336 ## - TIPO DE CONTENIDO |
| Fuente |
rdacontent |
| Término de tipo de contenido |
|
| Código de tipo de contenido |
|
| 337 ## - TIPO DE MEDIO |
| Fuente |
rdamedia |
| Nombre del tipo de medio |
|
| Código del tipo de medio |
|
| 338 ## - TIPO DE SOPORTE |
| Fuente |
rdacarrier |
| Nombre del tipo de soporte |
|
| Código Tipo de soporte |
|
| 490 ## - MENCIÓN DE SERIE |
| Mención de serie |
Centro de Estudios de Asia y África |
| 501 ## - NOTA DE “CON” |
| Nota de Contenido |
rústico |
| 505 00 - NOTA DE CONTENIDO |
| Nota de contenido con formato preestablecido |
Cuestiones acerca de las modernidades coloniales -- Lectura de un silencio: el "indio" en la era del zapatismo -- Entre la antropología y la historia: Manuel Gamio y la modernidad antropológico mexicana (1916-1935) -- Espacios encantados y lugares modernos -- Geografías posmodernas -- Orientalismo, antiorientalismo, relativismo -- Dominación imprecisa: el Estado colonial y sus contradicciones -- Henry S. Maine: historia y antigüedad en el derecho -- Sistema-mundo y "transmodernidad" -- Capitalismo y geopolítica del conocimiento -- Eurocentrismo, saberes modernos y naturalización -- Ciencias sociales, violencia epistémica y el problema. |
| 650 #7 - ASIENTO SECUNDARIO DE MATERIA - TERMINO TEMÁTICO |
| 9 (RLIN) |
189 |
| Término temático o nombre geográfico como elemento de entrada |
Cambio social |
| Subdivisión general |
Historia |
| Subdivisión cronológica |
Civilización Occidental |
| 650 #7 - ASIENTO SECUNDARIO DE MATERIA - TERMINO TEMÁTICO |
| 9 (RLIN) |
260 |
| Término temático o nombre geográfico como elemento de entrada |
Historia social |
| Subdivisión cronológica |
Siglo XX |
| 650 #7 - ASIENTO SECUNDARIO DE MATERIA - TERMINO TEMÁTICO |
| Término temático o nombre geográfico como elemento de entrada |
Postmodernismo |
| Fuente del encabezamiento o término |
|
| 9 (RLIN) |
261 |
| 651 #7 - ASIENTO SECUNDARIO DE MATERIA - NOMBRE GEOGRAFICO |
| Nombre geográfico |
Oriente y Occidente |
| 700 ## - ASIENTO SECUNDARIO - NOMBRE PERSONAL |
| 9 (RLIN) |
263 |
| Nombre personal |
Dube, Saurabh |
| Responsabilidad |
coordinador |
| 700 ## - ASIENTO SECUNDARIO - NOMBRE PERSONAL |
| 9 (RLIN) |
264 |
| Nombre personal |
Dube, Ishita Banerjee |
| Responsabilidad |
coordinador |
| 700 ## - ASIENTO SECUNDARIO - NOMBRE PERSONAL |
| 9 (RLIN) |
265 |
| Nombre personal |
Mignolo, Walter D. |
| Responsabilidad |
coordinador |
| 942 ## - TIPO DE MATERIAL (KOHA) |
| Tipo de Item KOHA |
Libros General |